Plugging the affordable housing funding gap (Record no. 113388)

MARC details
000 -LEADER
fixed length control field 00870cad a22001935a 4500
001 - CONTROL NUMBER
control field L155198
008 - FIXED-LENGTH DATA ELEMENTS--GENERAL INFORMATION
fixed length control field 120309s2012 xxk f 000 0 eng d
035 ## - SYSTEM CONTROL NUMBER
System control number (Sirsi) u155198
041 0# - LANGUAGE CODE
Language code of text/sound track or separate title eng
110 2# - MAIN ENTRY--CORPORATE NAME
Corporate name or jurisdiction name as entry element BDO
9 (RLIN) 6028
245 00 - TITLE STATEMENT
Title Plugging the affordable housing funding gap
Medium [electronic resource]
260 ## - PUBLICATION, DISTRIBUTION, ETC.
Place of publication, distribution, etc. London
Name of publisher, distributor, etc. BDO
Date of publication, distribution, etc. 2012
520 ## - SUMMARY, ETC.
Summary, etc. Outlines plans by registered social housing providers to fill the affordable housing funding gap. Based on the results of a survey of 60 senior executives undertaken in December 2011 representing the view of the affordable housing sector.
590 ## - LOCAL NOTE (RLIN)
Local note KA NTK
651 #4 - SUBJECT ADDED ENTRY--GEOGRAPHIC NAME
Geographic name England and Wales
Chronological subdivision 1543-
690 ## - LOCAL SUBJECT ADDED ENTRY--TOPICAL TERM (OCLC, RLIN)
Topical term or geographic name as entry element Affordable housing
9 (RLIN) 6215
856 40 - ELECTRONIC LOCATION AND ACCESS
Uniform Resource Identifier <a href="https://static.bdo.uk.com/assets/documents/2012/03/Plugging_the_affordable_housing_funding_gap.PDF">https://static.bdo.uk.com/assets/documents/2012/03/Plugging_the_affordable_housing_funding_gap.PDF</a>
Public note View this item free of charge at static.bdo.uk.com
942 ## - ADDED ENTRY ELEMENTS (KOHA)
Suppress in OPAC 0
Holdings
Withdrawn status Lost status Source of classification or shelving scheme Damaged status Not for loan Home library Current library Shelving location Date acquired Total Checkouts Full call number Barcode Date last seen Copy number Price effective from Koha item type
    Dewey Decimal Classification     Virtual Virtual Online 09/03/2012   ONLINE PUBLICATION 155198-2001 06/08/2019 1 06/08/2019 Book